000 01207nam a2200313 c 4500
999 _c344466
_d344466
003 BLK
005 20190930154414.0
008 180911b bul|||||r ||||||| ||bul||
010 _a004131
040 _aBLK
041 _aFRE
_cBUL
080 _z830.09
100 1 _aBOSSERT, A.
_eпърви автор
_95798
245 0 0 _aLa litterature Allemande fait a la Sorbonne
_nVol. 1
_pLa litterature Allemande au moyen-age et les origines de l'epopee Germanique
260 _aParis
_bHachette et Cie
_c1870
_g1870
300 _c23 см
380 _a82
490 _aCours de litterature Allemande
490 _aFait a la Sorbonne
490 _aЧастна колекция - Академик Михаил Арнаудов
_gДарение - Основен фонд
500 _aМихаил Арнаудов: негови-книга. - Бележка за наличността на другите томове в Нар. библиотека
655 _aЛитературознание
_9396446
760 _h382 с.
_oVol. 1
_tLa litterature Allemande au moyen-age et les origines de l'epopee Germanique
852 _aМА 668
_bМА
942 _cKNG
_n0
_s1
944 _aCR
_c1995
_kValK
999 _d344466
999 _d344466